Đại số tuyến tính và hình học Hình học xạ ảnh

Spremljeno u:
Bibliografski detalji
Glavni autor: Đoàn, Quỳnh
Format: Knjiga
Jezik:Undetermined
Izdano: Hà Nội Giáo dục 1989
Teme:
Oznake: Dodaj oznaku
Bez oznaka, Budi prvi tko označuje ovaj zapis!
Thư viện lưu trữ: Trung tâm Học liệu Trường Đại học Cần Thơ
LEADER 00545nam a2200181Ia 4500
001 CTU_1201
008 210402s9999 xx 000 0 und d
082 |a 512.5 
082 |b Qu609/T.4 
100 |a Đoàn, Quỳnh 
245 0 |a Đại số tuyến tính và hình học 
245 0 |b Hình học xạ ảnh 
245 0 |c Đoàn Quỳnh, Văn Như Cương 
260 |a Hà Nội 
260 |b Giáo dục 
260 |c 1989 
650 |a Algebras, linear,Geometry 
980 |a Trung tâm Học liệu Trường Đại học Cần Thơ